| 000 | 01205nam a2200349 i 4500 | ||
|---|---|---|---|
| 001 | 020363445 | ||
| 003 | EG-ScBUE | ||
| 005 | 20230305052934.0 | ||
| 008 | 211011t2021 pau f b 001 0 eng d | ||
| 020 | _a9781975188870 (pbk.) | ||
| 020 | _a197518887X | ||
| 040 |
_aStDuBDS _beng _erda _cStDuBDS _dEG-ScBUE |
||
| 082 | 0 | 4 |
_a616.890076 _222 _bFAD |
| 100 | 1 |
_aFadem, Barbara, _eauthor. |
|
| 245 | 1 | 0 |
_aBehavioral science / _cBarbara Fadem, PhD., professor emerita, Department of Psychiatry, Rutgers New Jersey Medical School, Newark, New Jersey. |
| 250 | _aEighth edition. | ||
| 250 | _aInternational edition. | ||
| 264 | 1 |
_aPhiladelphia : _bLippincott Williams & Wilkins, _c[2021] |
|
| 264 | 1 | _ac2021 | |
| 300 |
_axiv, 365 pages ; _c26 cm. |
||
| 336 |
_atext _2rdacontent _btxt |
||
| 337 |
_aunmediated _2rdamedia _bn |
||
| 338 |
_avolume _2rdacarrier _bnc |
||
| 490 | 0 | _aBoard review series | |
| 504 | _aIncludes bibliographical references and index. | ||
| 650 | 7 |
_aPsychology _vExaminations, questions, etc. _2BUEsh |
|
| 650 | 7 |
_aPsychiatry _vExaminations, questions, etc. _2BUEsh |
|
| 653 |
_bNNUR _cMarch2023 |
||
| 655 | _vReading book | ||
| 942 |
_2ddc _cBB |
||
| 999 |
_c30197 _d30168 |
||